Para conocer el islam

Wedi'i Gadw mewn:
Manylion Llyfryddiaeth
Prif Awdur: Jomier, Jacques (Awdur)
Fformat: Llyfr
Iaith:Sbaeneg
Cyhoeddwyd: Pamplona Verbo Divino 1989
Rhifyn:5a. ed
Cyfres:Para Conocer, 25
Pynciau:
Tagiau: Ychwanegu Tag
Dim Tagiau, Byddwch y cyntaf i dagio'r cofnod hwn!

MARC

LEADER 00000nam a2200000 a 4500
001 UCL9660
003 CL-VaPUC
008 040820e19890000SP |||||||||||||||||spa|d
020 |a 8471516411 
082 0 4 |a 297  |b JOM  |2 21 
100 |a Jomier, Jacques  |e author  |9 487564 
245 1 0 |a Para conocer el islam 
250 |a 5a. ed 
300 |a 165 p 
942 |c BK 
945 |d 20040820 00:00:00  |a cmena 
260 |a Pamplona  |b Verbo Divino  |c 1989 
650 0 |a Islamismo  |9 314084 
650 0 |a Creencias religiosas   |9 373391 
583 |a last modification  |c 20130402 09:01:48  |k Rodrigo Vera 
490 0 |a Para Conocer, 25 
999 |c 310377  |d 310375 
952 |0 0  |1 0  |4 0  |6 297_000000000000000_JOM_1989  |7 0  |8 A  |9 378718  |a BIBTEO  |b BIBTEO  |d 2019-11-21  |i 4050193  |o 297 JOM 1989  |p 4050193  |r 2025-01-17  |w 2019-11-21  |y BK  |k ICR